|
|
|
|
| LEADER |
02432cam a2200649 i 4500 |
| 001 |
nkc20233495438 |
| 003 |
CZ PrNK |
| 005 |
20250131134557.0 |
| 007 |
ta |
| 008 |
230320s2023 xr a e 000 hdcze d |
| 015 |
|
|
|a cnb003495438
|
| 020 |
|
|
|a 978-80-7656-060-4
|q (Machart ;
|q vázáno)
|
| 035 |
|
|
|a (OCoLC)1412781414
|
| 040 |
|
|
|a ULG001
|b cze
|d BOA001
|d ABA001
|e rda
|
| 041 |
1 |
|
|a cze
|a eng
|h cze
|
| 043 |
|
|
|a e-xr---
|
| 045 |
|
|
|a x9y2
|
| 072 |
|
7 |
|a 74
|x Kresba. Umělecká řemesla
|2 Konspekt
|9 21
|
| 080 |
|
|
|a 741.5
|2 MRF
|
| 080 |
|
|
|a 061.251
|2 MRF
|
| 080 |
|
|
|a 82-7
|2 MRF
|
| 080 |
|
|
|a (437.3)
|2 MRF
|
| 080 |
|
|
|a (0:82-845)741.5
|2 MRF
|
| 080 |
|
|
|a (082.2)
|2 MRF
|
| 100 |
1 |
|
|a Slíva, Jiří,
|d 1947-
|7 jk01111924
|4 aut
|4 ill
|
| 245 |
1 |
0 |
|a Cirque Maçonnique :
|b ke století českého svobodného zednářství = marking the centenary of Czech Freemasonry /
|c Jiří Slíva ; překlad textů do anglického jazyka: Richard Drury
|
| 246 |
3 |
0 |
|a Ke století českého svobodného zednářství
|
| 246 |
3 |
0 |
|a Marking the centenary of Czech Freemasonry
|
| 250 |
|
|
|a Vydání první
|
| 264 |
|
1 |
|a [Beroun] :
|b Machart,
|c 2023
|
| 300 |
|
|
|a 79 stran :
|b ilustrace (některé barevné) ;
|c 21 cm
|
| 336 |
|
|
|a text
|b txt
|2 rdacontent
|
| 336 |
|
|
|a statický obraz
|b sti
|2 rdacontent
|
| 337 |
|
|
|a bez média
|b n
|2 rdamedia
|
| 338 |
|
|
|a svazek
|b nc
|2 rdacarrier
|
| 500 |
|
|
|a "Vydalo nakladatelství Machart ve spolupráci s VLČR"--Tiráž
|
| 546 |
|
|
|a Český text souběžně anglicky
|
| 600 |
1 |
7 |
|a Slíva, Jiří,
|d 1947-
|7 jk01111924
|2 czenas
|
| 648 |
|
4 |
|a 1992-2022
|
| 648 |
|
7 |
|a 20.-21. století
|7 ch462155
|2 czenas
|
| 650 |
0 |
7 |
|a kreslený humor
|7 ph121946
|z Česko
|y 20.-21. století
|2 czenas
|
| 650 |
0 |
7 |
|a svobodné zednářství
|7 ph116347
|x humor
|2 czenas
|
| 650 |
0 |
9 |
|a pictorial humor
|z Czechia
|y 20th-21st centuries
|2 eczenas
|
| 650 |
0 |
9 |
|a Freemasonry
|x humor
|2 eczenas
|
| 655 |
|
7 |
|a kreslené vtipy
|7 fd132683
|2 czenas
|
| 655 |
|
7 |
|a jubilejní publikace
|7 fd131839
|2 czenas
|
| 655 |
|
9 |
|a jokes
|2 eczenas
|
| 655 |
|
9 |
|a jubilee books
|2 eczenas
|
| 700 |
1 |
|
|a Drury, Richard,
|d 1967-
|7 jx20041007010
|4 trl
|
| 910 |
2 |
|
|a BOA001
|b 2-1507.551
|
| 920 |
|
|
|a 016020004142497
|z ULG001
|
| 928 |
9 |
|
|a VLČR
|
| 928 |
9 |
|
|a Veliká lóže České republiky
|
| 990 |
|
|
|a BK
|
| 995 |
|
|
|a 01
|
| 991 |
|
|
|b 202306
|c NOV
|
| 996 |
6 |
|
|b 2610941231
|c 2-1507.551
|l MZK
|r Sklad / do 1 hodiny
|n 0
|p p.v.
|w 001928145
|u 000010
|a 1
|e BOA001
|j MZK50
|s P
|